Every Single Taylor Swift Song Over 1 Billion Streams as of May 2026 - Statistics

General Stats
  • This quiz has been taken 4 times
  • The average score is 15 of 25
Answer Stats
Hint Answer % Correct
3.32B Cruel Summer
100%
1.55B Look What You Made Me Do
100%
2.05B Lover
100%
1.39B The Fate Of Ophelia
100%
2.02B Anti-Hero
67%
1.63B August
67%
2.38B Blank Space
67%
1.99B Cardigan
67%
1.42B Delicate
67%
1.49B Don't Blame Me
67%
1.08B Enchanted
67%
2.10B I Don't Wanna Live Forever
67%
1.28B Love Story
67%
1.84B Style
67%
1.11B Willow
67%
1.06B You Belong With Me
67%
1.15B You Need To Calm Down
67%
1.35B All Too Well (10 Minute Version)
33%
1.02B I Knew You Were Trouble
33%
1.01B Karma
33%
1.92B Shake It Off
33%
1.48B Wildest Dreams
33%
1.00B Wildest Dreams
33%
1.03B Exile
0%
1.04B Fortnight
0%
No matching quizzes found
Score Distribution
Percent of People with Each Score
Percentile by Number Answered
Your Score History
You have not taken this quiz